آج کا اردو ادب / (Record no. 109603)
[ view plain ]
| 000 -LEADER | |
|---|---|
| fixed length control field | 00572nam a22001817a 4500 |
| 010 ## - LCCN (DPL NO) | |
| LC control number | A-374842 |
| 020 ## - INTERNATIONAL STANDARD BOOK NUMBER | |
| Terms of availability | 20.00 |
| 035 ## - SYSTEM CONTROL NUMBER | |
| System control number | A-374842 |
| 037 ## - SOURCE OF ACQUISITION | |
| Source of stock number/acquisition | BPPD |
| 082 ## - DEWEY DECIMAL CLASSIFICATION NUMBER | |
| Classification number | 840 |
| 100 ## - MAIN ENTRY--PERSONAL NAME | |
| Personal name | ابو الليث صدّيقي |
| 245 ## - TITLE STATEMENT | |
| Title | آج کا اردو ادب / |
| Remainder of title | ابو الایث صدیقی |
| 246 ## - VARYING FORM OF TITLE | |
| Title proper/short title | Aaj Ka Urdu Adab / |
| Remainder of title | by Abuwails Siddiqi |
| 260 ## - PUBLICATION, DISTRIBUTION, ETC. (IMPRINT) | |
| Place of publication, distribution, etc | علی گڑھ |
| Name of publisher, distributor, etc | ا يجو کشنل بک ہاؤس |
| Date of publication, distribution, etc | 1986 ء |
| 270 ## - ADDRESS | |
| Address | مسلم ينی ور سٹي مارکیٹ |
| City | علیگڑھ |
| Postal code | 202001 |
| 300 ## - PHYSICAL DESCRIPTION | |
| Extent | 328ص |
| Dimensions | 19cm(Hb) |
| 942 ## - ADDED ENTRY ELEMENTS (KOHA) | |
| Source of classification or shelving scheme | Dewey Decimal Classification |
| Item type | Urdu Bks |
| Call number prefix | 840 |
| Call number suffix | ص د ی |
| Withdrawn status | Lost status | Not for loan | Home library | Current library | Date acquired | Full call number | Barcode | Cost, replacement price | Koha item type |
|---|---|---|---|---|---|---|---|---|---|
| Central Library | Central Library | 11/04/2016 | 840 ص د ی | A-374842 | 20.00 | Urdu Bks |
